Export byl úspěšný — 

Kỹ thuật vận chuyển cá giống

Uloženo v:
Podrobná bibliografie
Hlavní autor: Phạm Văn Trang
Médium: Kniha
Jazyk:Undetermined
Vydáno: Hà Nội Nông nghiệp 1980
Témata:
Tagy: Přidat tag
Žádné tagy, Buďte první, kdo otaguje tento záznam!
Thư viện lưu trữ: Trung tâm Học liệu Trường Đại học Cần Thơ
LEADER 00509nam a2200169Ia 4500
001 CTU_46449
008 210402s9999 xx 000 0 und d
082 |a 639.31 
082 |b Tr106 
100 |a Phạm Văn Trang 
245 0 |a Kỹ thuật vận chuyển cá giống 
245 0 |c Phạm Văn Trang 
260 |a Hà Nội 
260 |b Nông nghiệp 
260 |c 1980 
650 |a fishery conservation,fishes - transportation 
980 |a Trung tâm Học liệu Trường Đại học Cần Thơ